| 000 | 00794nam a22002417a 4500 | ||
|---|---|---|---|
| 005 | 20250327085228.0 | ||
| 008 | 250305b ||||| |||| 00| 0 spa d | ||
| 020 | _a968-39-0450-5 | ||
| 082 |
_214 _a301 |
||
| 100 | 1 |
_aGiddens, Anthony _9655 |
|
| 245 | 1 | 3 |
_aLa teoría social, hoy / _cAnthony Giddens, Jonathan Turner ...[et.al.] |
| 260 |
_aMadrid: _bPatria, _c1991 |
||
| 300 | _a537 p. | ||
| 440 |
_aColección Los Noventa _921359 _n51 |
||
| 650 | 1 | 7 |
_aSOCIOLOGIA _9693 _2unescot |
| 650 | 1 | 7 |
_aINTERACCION SOCIAL _2unescot _9777 |
| 650 | 1 | 4 |
_aCONDUCTISMO _9778 |
| 650 | 1 | 7 |
_aESTRUCTURALISMO _2unescot _9776 |
| 650 | 1 | 7 |
_aCOMPORTAMIENTO SOCIAL _2unescot _9753 |
| 700 | 1 |
_921360 _aTurner, Jonathan |
|
| 942 |
_cLIBRO _2ddc |
||
| 980 |
_619226 _a Palazón Marcela I. _82 _gVirginia Figueroa |
||
| 999 |
_c10811 _d10811 |
||